| 000 | 00525nam a2200121Ia 4500 | ||
|---|---|---|---|
| 008 | 171212s9999 xx 000 0 und d | ||
| 020 | _a9780874216127 | ||
| 245 |
_ceditor Graulich, Melody;Crumbley, Paul _aSearch For A Common Language _bEnvironmental Writing And Education |
||
| 260 |
_bUniversity Press of Colorado _c2005 |
||
| 650 | _aBiological Sciences | ||
| 650 | _aCommunication in the environmental sciences; Environmental education; Environmental sciences -- Poetry | ||
| 856 | _uwww.jstor.org/stable/10.2307/j.ctt4cgnmg | ||
| 999 |
_c353170 _d353170 |
||